| 000 | 00687nab a2200181 4500 | ||
|---|---|---|---|
| 001 | 244442 | ||
| 003 | OSt | ||
| 005 | 20240926113316.0 | ||
| 007 | tu | ||
| 008 | 200917s2020||||||| | ||
| 040 |
_aDE-2950 _cDE-2950 |
||
| 245 | 0 | 0 |
_aSlubice sperrt Straßen für Ortsfremde _bHochwasser. In Slubice kommt es an der Oder zu Einschränkungen im Transitverkehr. Die Zugänge in die Innenstadt werden für ortsfremde Fahrzeuge gesperrt. Die Stadtbrücke aber bleibt vorerst offen/ _cMarlena Dumin |
| 264 | _c2024 | ||
| 653 | _aFrankfurt (Oder) - Slubice | ||
| 653 | _aHochwasser | ||
| 773 | 0 |
_g35. Jahrgang (2024) Nr. 222 vom 21.09.2024, S. 18 mit Foto _tMärkische Oderzeitung |
|
| 942 |
_2z _cA |
||
| 999 |
_c373363 _d373363 |
||